书目信息 |
| 题名: |
二化螟发生预测
|
|
| 作者: | 深谷昌次 , 中冢宪次 著 ;忻介六 译 | |
| 分册: | ||
| 出版信息: | 上海 上海科学技术出版社 1958 |
|
| 页数: | 152页 | |
| 开本: | 20cm | |
| 丛书名: | ||
| 单 册: | ||
| 中图分类: | S435.112 | |
| 科图分类: | ||
| 主题词: | 水稻害虫--二化螟--预测 | |
| 电子资源: | ||
| ISBN: | 16119.91 | |
| 000 | 00794cam0 2200265 450 | |
| 001 | 0105427793 | |
| 005 | 20080128140800.0 | |
| 010 | @a16119.91@dCNY1.00 | |
| 091 | @a16119.91@dCNY1.00 | |
| 100 | @a19970127d1958 em y0chiy0110 ea | |
| 101 | 1 | @achi@cjpn |
| 102 | @aCN@b310000 | |
| 105 | @ay z 000yy | |
| 106 | @ar | |
| 200 | 1 | @a二化螟发生预测@9Er Hua Ming Fa Sheng Yu Ce @f(日)深谷昌次,中冢宪次著@g忻介六译@b专著 |
| 210 | @a上海@c上海科学技术出版社@d1958 | |
| 215 | @a152页@d20cm | |
| 300 | @a十大病虫害文献选译 | |
| 606 | 0 | @a水稻害虫@x二化螟@x预测 |
| 690 | @aS435.112@v3 | |
| 701 | 0 | @a深谷昌次@9shen gu chang ci@4著 |
| 701 | 0 | @a中冢宪次@9zhong zhong xian ci@4著 |
| 702 | 0 | @a忻介六@9xin jie liu@4译 |
| 801 | 0 | @aCN@bAiZhiMarc |
| 905 | @aBZT@dS435.11@e392@f2@sS435.11/392 | |
| 二化螟发生预测/(日)深谷昌次,中冢宪次著/忻介六译.-上海:上海科学技术出版社,1958 |
| 152页;20cm |
| 十大病虫害文献选译 |
| ISBN 16119.91:CNY1.00 |
| ● |
| 相关链接 |
|
|
|
正题名:二化螟发生预测
索取号:S435.11/392
 
预约/预借
| 序号 | 登录号 | 条形码 | 馆藏地/架位号 | 状态 | 备注 |
| 1 | 2000082835 | 2000082835 | 旧书回溯/ [索取号:S435.11/392] | 在馆 | |
| 2 | 2000083373 | 2000083373 | 旧书回溯/ [索取号:S435.11/392] | 在馆 |